01728nam a2200433 i 450000100060000000300080000600500170001400600190003100700150005000800410006502000180010602000270012403500230015103500240017403500250019803500220022304000310024505000210027608200150029710000410031224501240035326400770047730000430055433600310059733700330062833800430066136200290070449000360073358801240076959001640089365000220105765000180107965500270109770000350112479700190115983000370117885600620121599900170127758948FlNmELB20241216233043.0m o d | cr cnu||||||||140603s2012 sp o 000 0 spa d z9788436263985 a9788436263534 (e-book) a(MiAaPQ)EBC3219296 a(Au-PeEL)EBL3219296 a(CaPaEBR)ebr10853481 a(OCoLC)1105506684 aFINmELBbspaerdacFINmELB 4aK3240bG288 20120 a341.482231 aGayo Santa Cecilia, María Eugenia.10aJuegos jurídicos.nNúmero 1,pDerechos humanos /cMaría Eugenia Gayo Santa Cecilia, Josu Cristóbal de Gregorio. 1aMadrid :bUNED Universidad Nacional de Educación a Distancia,c[2012] a1 recurso en línea (v, 32 páginas) atextobtxt2rdacontent/spa acomputadorabc2rdamedia/spa arecurso en líneabcr2rdacarrier/spa1 aNúmero 1 (abril 2012)-1 aCiencias sociales y jurídicas aDescripción basada en recurso en línea; Título de la página del título en PDF (e-libro, visto june 03, 2014). aRecurso electrónico. Santa Fe, Arg.: e-libro, 2015. Disponible vía World Wide Web. El acceso puede estar limitado para las bibliotecas afiliadas a e-libro. 4aDerechos humanos. 0aHuman rights. 4aLibros electrónicos.1 aGregorio, Josu Cristóbal de.2 ae-libro, Corp. 0aCiencias sociales y jurídicas.40uhttps://elibro.net/ereader/politecnicointernacional/48560 c58948d58948